Determination of the Control Parameters of Evolutionary Techniques Utilizing Analysis of Variance

Možnosti použitia niektorých štatistických metód, ktoré môžu byť užitočné pri určovaní účinných hodnôt niektorých kontrolných parametrov. Objasnenie analýzy na ilustratívnom príklade problému maximalizácie pomeru Sortino, ktorý je jedným z nelineárnych meraní výkonnosti portfólia.

Na minha lista:
Detalhes bibliográficos
Autor principal: Čičková, Zuzana, 1978-
Outros Autores: Vojtková, Mária, 1966-, Reiff, Marian, 1978-
Formato: Capítulo de Livro
Idioma:inglês
Assuntos:
Tags: Adicionar Tag
Sem tags, seja o primeiro a adicionar uma tag!

MARC

LEADER 00000naa a2200000 4500
001 0258584
005 20240502083735.3
041 0 |a eng 
044 |a RS 
245 1 0 |a Determination of the Control Parameters of Evolutionary Techniques Utilizing Analysis of Variance 
520 |a Možnosti použitia niektorých štatistických metód, ktoré môžu byť užitočné pri určovaní účinných hodnôt niektorých kontrolných parametrov. Objasnenie analýzy na ilustratívnom príklade problému maximalizácie pomeru Sortino, ktorý je jedným z nelineárnych meraní výkonnosti portfólia. 
610 2 0 |a algoritmy 
610 2 0 |a metódy štatistické 
610 2 0 |a analýzy 
610 2 0 |a modelovanie finančné 
610 2 0 |a technika meracia 
610 2 0 |a ukazovatele výkonnosti 
610 2 0 |a portfólio 
100 1 |a Čičková, Zuzana, 1978- 
700 1 |a Vojtková, Mária, 1966- 
700 1 |a Reiff, Marian, 1978-